00487nam a22001337a 4500003000400000008004100004082001700045100001800062245018100080260005200261300000900313502001500322650001600337OSt260423b |||||||| |||| 00| 0 eng d a635.35bM27S aKumar, Mahesh aStudies on the Effect of Different Levels of Fertilizers and Plant Densities on Growth, Yield and Quality of Hybrid & Syntehtic Cauliflower (Brassica Oleracea var. Botrytis L.) aPusa, SamastipurbBAC, Sabour & RAU, Pusac2007 a88P. bMsc.d2007 aHorticultre